<?xml version='1.0' encoding='UTF-8'?>
  <record xmlns="http://www.loc.gov/MARC21/slim">
    <leader>00000cem a22000007i 4500</leader>
    <controlfield tag="001">ocm65977794</controlfield>
    <controlfield tag="003">OCoLC</controlfield>
    <controlfield tag="005">20240728083748.6</controlfield>
    <controlfield tag="008">920709s1891    ne        a     1   dut d</controlfield>
    <datafield tag="040" ind1=" " ind2=" ">
      <subfield code="a">NLGGC</subfield>
      <subfield code="b">dut</subfield>
      <subfield code="e">fobidrtb</subfield>
      <subfield code="c">NLGGC</subfield>
      <subfield code="d">QGJ</subfield>
      <subfield code="d">OCLCQ</subfield>
      <subfield code="d">OCLCL</subfield>
      <subfield code="d">OCLCQ</subfield>
    </datafield>
    <datafield tag="029" ind1="0" ind2=" ">
      <subfield code="a">NLGGC</subfield>
      <subfield code="b">096121513</subfield>
    </datafield>
    <datafield tag="034" ind1="1" ind2=" ">
      <subfield code="a">a</subfield>
      <subfield code="b">2300000</subfield>
    </datafield>
    <datafield tag="035" ind1=" " ind2=" ">
      <subfield code="a">(OCoLC)65977794</subfield>
    </datafield>
    <datafield tag="245" ind1="0" ind2="0">
      <subfield code="a">Zendingskaart van Oost- en West-Indië :</subfield>
      <subfield code="b">schaal 1 à 2.300.000 /</subfield>
      <subfield code="c">vervaardigd door E. Nijland ; uitgegeven met ondersteuning van het Comité voor Nederl. Zendingsconferentiën.</subfield>
    </datafield>
    <datafield tag="246" ind1="1" ind2="5">
      <subfield code="a">Zendingskaart van Nederl. Oost- en West-Indië</subfield>
    </datafield>
    <datafield tag="255" ind1=" " ind2=" ">
      <subfield code="a">Scale 1:2,300,000.</subfield>
    </datafield>
    <datafield tag="260" ind1=" " ind2=" ">
      <subfield code="a">Utrecht :</subfield>
      <subfield code="b">C.H.E. Breijer,</subfield>
      <subfield code="c">1891.</subfield>
    </datafield>
    <datafield tag="300" ind1=" " ind2=" ">
      <subfield code="a">1 kaart in 4 bladen ;</subfield>
      <subfield code="c">in kleur ; 59 x 95 cm elk +</subfield>
      <subfield code="e">boekje: "Toelichting bij de Zendingskaart van Nederl. Oost- en West-Indië" (8 p. ; 20 cm)</subfield>
    </datafield>
    <datafield tag="336" ind1=" " ind2=" ">
      <subfield code="a">cartografische afbeelding</subfield>
      <subfield code="b">cri</subfield>
      <subfield code="2">rdacontent/dut</subfield>
    </datafield>
    <datafield tag="337" ind1=" " ind2=" ">
      <subfield code="a">zonder medium</subfield>
      <subfield code="b">n</subfield>
      <subfield code="2">rdamedia/dut</subfield>
    </datafield>
    <datafield tag="338" ind1=" " ind2=" ">
      <subfield code="a">vel</subfield>
      <subfield code="b">nb</subfield>
      <subfield code="2">rdacarrier/dut</subfield>
    </datafield>
    <datafield tag="500" ind1=" " ind2=" ">
      <subfield code="a">Inzetkaarten: Platte grond van Batavia (33 x 28 cm); Java, schaal 1 ̉ 1000,000 (112 x 38 cm); Nederland op gelijke schaal [= 1:2.300.000] (16 x 14 cm), met legenda van zendingssations, standplaatsen geestelijken en opleidingsscholen; Suriname en Paramaribo (20 x 41 cm); Kaart van Ambonsche eilanden en West-Ceram (23 x 41 cm).</subfield>
    </datafield>
    <datafield tag="700" ind1="1" ind2=" ">
      <subfield code="a">Nijland, Evert.</subfield>
    </datafield>
    <datafield tag="710" ind1="2" ind2=" ">
      <subfield code="a">Comité voor Nederl. Zendingsconferentiën</subfield>
    </datafield>
  </record>